| 000 | 00428nam a22001457a 4500 | ||
|---|---|---|---|
| 020 | _a0195979869 | ||
| 082 |
_a923 _bAKH _cN-01, P-90 |
||
| 100 |
_aAkhtar Hameed Khan _946260 |
||
| 245 |
_aOrangi Pilot Project _bOrangi Pilot Project Reminiscences and Reflections |
||
| 260 |
_aOxford University Press _c2005 |
||
| 300 | _axivii, 175 P, : | ||
| 526 |
_a0 _b0 _c0 _d923_000000000000000_AKH |
||
| 650 |
_aMCE _9379 |
||
| 942 |
_2ddc _cBK |
||
| 999 |
_c549622 _d549622 |
||